| 000 | 01021cam a22003015a 4500 | ||
|---|---|---|---|
| 999 |
_c27324 _d27295 |
||
| 005 | 20190508113610.0 | ||
| 008 | 170407t2017 gw a frb 001 0 eng d | ||
| 020 | _a9783319514321 | ||
| 040 |
_aEG-ScBUE _beng _cEG-ScBUE _dWaSeSS _dEG-ScBUE |
||
| 082 | 0 | 4 |
_a621.89 _bNAN _222 |
| 245 | 0 | 0 |
_aNanotribology and Nanomechanics : _ban introduction / _cedited by Bharat Bhushan. |
| 250 | _a4th. ed. | ||
| 260 |
_aCham : _bSpringer International Publishing, _cc.2017. |
||
| 300 |
_axvi, 928 p. : _bill. (some col.) ; _c24 cm. |
||
| 504 | _aIncludes bibliographical references and index. | ||
| 650 | 7 |
_aNanoscale science. _2BUEsh |
|
| 650 | 7 |
_aNanoscience. _2BUEsh _95555 |
|
| 650 | 7 |
_aNanostructures. _2BUEsh _95554 |
|
| 650 | 7 |
_aNanotechnology. _2BUEsh |
|
| 650 | 7 |
_aTribology. _2BUEsh |
|
| 650 | 7 |
_aCorrosion and anti-corrosives. _2BUEsh |
|
| 650 | 7 |
_aCoatings. _2BUEsh |
|
| 650 | 7 |
_aMaterials _xSurfaces. _2BUEsh |
|
| 651 | _2BUEsh | ||
| 653 |
_bENGMEC _cMarch2019 |
||
| 700 | 1 |
_aBhushan, Bharat, _teditor. |
|
| 942 | _2ddc | ||